Schlesien im östlichen Allgäu
| Titel: | Schlesien im östlichen Allgäu : Die 66. Wangener Gespräche des Wangener Kreises - Gesellschaft für Literatur und Kunst: Der Osten e. V. / Monika Taubitz |
|---|---|
| Verfasser: | |
| In: |
Silesia nova, Band 13, Heft 2-3 (2016), Seite 27-30 alle Artikel anzeigen |
| Veröffentlicht: | 2016 |
| Format: | Aufsatz |
| Sprache: | Deutsch |
X
alg: 43469714 001A $03025:08-08-18 001B $01999:09-08-18 $t06:42:30.000 001C $03025:08-08-18 $t14:42:05.000 001D $03025:08-08-18 001U $0utf8 001X $00 002@ $0Aou 002C $aText $btxt $2rdacontent 002D $aohne Hilfsmittel zu benutzen $bn $2rdamedia 002E $aBand $bnc $2rdacarrier 003@ $0434697141 007A $0434697141 $aHEB 010@ $ager 010E $erda 011@ $a2016 021A $aSchlesien im östlichen Allgäu $dDie 66. Wangener Gespräche des Wangener Kreises - Gesellschaft für Literatur und Kunst: Der Osten e. V. $hMonika Taubitz 028A $BVerfasser $4aut $7107744597 $8Taubitz, Monika$Z1937- [Tp1] $9142600113 031A $d13 $e2-3 $h27-30 $j2016 037A $aWangen, 22.-25.09.2016 039B $aEnthalten in $8--Abvc--. Silesia nova. - Dresden : Neisse-Verl., 2004-2020. - ISSN 1614-7111 $x201600000130002973 $9124443443 044K $#Wangen, Allgäu $#Wangen Allgäu $#Luftkurort Wangen im Allgäu $#Stadt Wangen, Allgäu $#Kreisstadt Wangen, Allgäu $#Stadt Wangen im Allgäu $74064555-1 $8Wangen im Allgäu [Tg1] $9085181110 044K $74653032-0 $8Wangener Gespräche$cWangen, Allgäu [Tf1] $910037946X 044K $RKongress $#Tagungsbericht $#Kongressschrift $74196709-4 $8Kongressbericht [Ts1] $9085988111 045F $a809 $eDDC23BSB 045F/01 $a809 045F/03 $g4385 045R $aGeschichte 2016 045T $a8,1 $a7,41 $a8 $a10 lok: 43469714 78 exp: 43469714 78 1 #EPN 201B/01 $008-08-18 $t14:37:12.000 201C/01 $008-08-18 201U/01 $0utf8 203@/01 $01025723341 208@/01 $a08-08-18 $be 209A/01 $a/ $f000 $x00 209A/01 $ab*p $x01 220C/01 $apgar 244Z/01 $#Schlesien $#Schlesien $#Herzogtum Schlesien $#Herzogtum Schlesien Schlesien $#Provinz Schlesien $#Śla̜sk $#Slezsko $#Silesia $74052678-1 $8--Tg1--Schlesien $x01 $9085146781 247C/01 $82080>Marburg/Lahn, Herder-Institut, Forschungsbibliothek, Bibliographieportal $9336309341
| LEADER | 00000caa a2200000 c 4500 | ||
|---|---|---|---|
| 001 | 434697141 | ||
| 003 | DE-603 | ||
| 005 | 20180809064230.0 | ||
| 007 | tu | ||
| 008 | 180808s2016 xx |||| | u00||u|ger c | ||
| 035 | |a (DE-599)HEB434697141 | ||
| 040 | |a DE-603 |b ger |c DE-603 |d DE-603 |e rda | ||
| 041 | |a ger | ||
| 082 | 0 | 4 | |8 1\u |a 809 |q DE-101 |2 23/BSB |
| 084 | |a 8,1 |a 7,41 |a 8 |a 10 |2 ssgn | ||
| 085 | |8 1\u |b 809 | ||
| 085 | |8 1\u |z 2 |s 4385 | ||
| 100 | 1 | |a Taubitz, Monika |d 1937- |e Verfasser |4 aut |0 (DE-603)142600113 |0 (DE-588)107744597 |2 gnd | |
| 245 | 0 | 0 | |a Schlesien im östlichen Allgäu |b Die 66. Wangener Gespräche des Wangener Kreises - Gesellschaft für Literatur und Kunst: Der Osten e. V. |c Monika Taubitz |
| 264 | 0 | |c 2016 | |
| 336 | |a Text |b txt |2 rdacontent | ||
| 337 | |a ohne Hilfsmittel zu benutzen |b n |2 rdamedia | ||
| 338 | |a Band |b nc |2 rdacarrier | ||
| 500 | |a Wangen, 22.-25.09.2016 | ||
| 611 | 2 | 7 | |a Wangener Gespräche |c Wangen, Allgäu |2 gnd |0 (DE-588)4653032-0 |0 (DE-603)10037946X |
| 648 | 7 | |a Geschichte 2016 |2 gnd | |
| 650 | 7 | |a Kongressbericht |0 (DE-588)4196709-4 |0 (DE-603)085988111 |2 gnd | |
| 651 | 7 | |a Wangen im Allgäu |0 (DE-588)4064555-1 |0 (DE-603)085181110 |2 gnd | |
| 773 | 0 | 8 | |i Enthalten in |t Silesia nova |d Dresden : Neisse-Verl., 2004-2020 |x 1614-7111 |g Band 13, Heft 2-3 (2016), Seite 27-30 |w (DE-603)124443443 |w (DE-600)2164876-1 |
| 924 | 0 | |9 2080 |a (DE-603)1025723341 |b DE-2080 |c HES |d d |g / | |


